Movies Quiz

Random Movies or Letter Quiz

One Word 'N' and 'O' Movies Quiz Stats

Quiz Updated Mar 22, 2018

Challenge
Share
Tweet
Score 0/25 Timer 07:00
4 Plays Today
% Correct
Nixon
85.4%
Oliver!
84%
Octopussy
71.8%
Nosferatu
66.6%
Oklahoma!
58.3%
Outbreak
57.5%
Network
57.4%
Noah
56.5%
Norbit
50.1%
Nightcrawler
49.3%
Oblivion
45%
Overboard
44.2%
Nebraska
44.1%
% Correct
Nell
35.7%
Oldboy
33.1%
Orphan
28.8%
Once
25.9%
Notorious
23.1%
Nashville
20.7%
Next
17.8%
Oscar
17%
Orgazmo
15.8%
Oculus
12.4%
Outland
12.2%
Narc
11.7%

You're not logged in!

Compare scores with friends on all Sporcle quizzes.
Sign Up with Email
OR
Log In

You Might Also Like...

Show Comments

Extras

Top Quizzes Today


Score Distribution

Your Account Isn't Verified!

In order to create a playlist on Sporcle, you need to verify the email address you used during registration. Go to your Sporcle Settings to finish the process.

Report this User

Report this user for behavior that violates our Community Guidelines.

Details: